00297nam a2200109Ia 4500008004100000020001400041100002500055245004900080250001100129260002800140300001900168180205s9999 xx 000 0 und d a130423610 aMcnurlin, Barbara C. aInformation systems management in practice / a5th ed bPearson educationc2002 axix, 502 pages